| 000 | 01702nam0a2200349 i 4500 | ||
|---|---|---|---|
| 001 | RU\NLR\BIBL_A\010887256 | ||
| 005 | 20260406181352.0 | ||
| 010 |
_a9785934247400 _9100 |
||
| 021 |
_aRU _b2015-80219 _94860 |
||
| 035 | _a(NILC)RuMoRGB-008046822 | ||
| 035 | _a(NLR Aleph) 010887256 | ||
| 090 |
_a10532914 _c10532914 |
||
| 100 | _a20151111d2015 k y0rusy50 ca | ||
| 101 | 0 | _arus | |
| 102 | _aRU | ||
| 105 | _aa|||z||||||y| | ||
| 200 | 1 |
_aУправление энергоэффективностью предприятий и организаций Самарского региона в условиях ограниченности инвестиционного ресурса _f[Рамзаев В. М., Хаймович И. Н., Чумак П. В.] _gМеждунар. ин-т рынка |
|
| 210 |
_aСамара _cМеждународный институт рынка _d2015 |
||
| 215 |
_a201 с. _cил. _d21 |
||
| 300 | _aАвт. указаны на обороте тит. л. и обл. | ||
| 320 | _aБиблиогр.: с. 197-201 | ||
| 606 |
_aЭнергетическая политика региональная _yСамара, город _92268392 _3RU\NLR\AUTH\6601588965 |
||
| 686 | 1 | _aУ9(2)-554(2Р-4С-2С) | |
| 700 | 1 |
_aРамзаев _bВ. М. _gВладимир Михайлович |
|
| 701 | 1 |
_aХаймович _bИ. Н. _gИрина Николаевна |
|
| 701 | 1 |
_aЧумак _bП. В. _gПавел Вадимович |
|
| 712 | 0 | 2 |
_4570 _aМеждународный институт рынка _cСамара _3RU\NLR\AUTH\889946153 _9387835 |
| 801 | 0 |
_aRU _bРГБ _c20151019 _gRCR |
|
| 942 | _cBOOK | ||
| 980 | _aNBR | ||